000 00261nam a2200109Ia 4500
008 200302s9999 xx 000 0 und d
100 _aHormoz Pazwash
245 _aUrban Storm Water Management
260 _bTaylor &Francis Group
260 _c2011
300 _a534
999 _c5342
_d5342